Liv and Maddie cast quiz - Statistics

General Stats
  • This quiz has been taken 123 times
  • The average score is 6 of 15
Answer Stats
Character Actor % Correct
Olivia 'Liv' Rooney Dove Cameron
100%
Madison 'Maddie' Rooney Dove Cameron
100%
Parker Rooney Tenzing Norgay Trainor
59%
Joey Rooney Joey Bragg
58%
Holden Dippledorf Jordan Fisher
42%
Pete Rooney 'Dad' Benjamin King
40%
Karen Rooney 'Mom' Kali Rocha
40%
Ruby Lauren Lindsey Donzis
31%
Diggie Smalls Ryan McCartan
31%
Winifred 'Willow' Cruz Jessica Marie Garcia
28%
Artie Smalls Jimmy Bellinger
25%
Josh Wilcox Lucas Adams
16%
Andie Victoria Moroles
16%
Lacey Miranda May
12%
Gemma Chloé Wepper
10%
No matching quizzes found
Score Distribution
Percent of People with Each Score
Percentile by Number Answered
Your Score History
You have not taken this quiz